Physician, healer, and scientist.

Bibliographic Details
Main Author: Atchley, Dana W., 1892-
Format: Book
Language:English
Published: New York : Macmillan, [1961]
Series:Macmillan career book.
Subjects:

MARC

Tag First Indicator Second Indicator Subfields
LEADER 00000cam a2200000 4500
001 in00000476413
005 20151012164828.0
008 750425s1961 nyu 00000 eng
010 |a  61011547  
035 |a (OCoLC)01299485 
035 |9 ABZ8015AM 
040 |c ORL  |d GXM  |d TXA  |d UtOrBLW 
049 |a TXAM  |c [450267] 
050 0 0 |a R690  |b .A8 
082 0 |a 610.69 
096 |a W 21 A863p 1961 
100 1 |a Atchley, Dana W.,  |d 1892- 
245 1 0 |a Physician, healer, and scientist. 
264 1 |a New York :  |b Macmillan,  |c [1961] 
264 4 |c [©1961] 
300 |a 129 pages ;  |c 22 cm. 
336 |a text  |b txt  |2 rdacontent 
337 |a unmediated  |b n  |2 rdamedia 
338 |a volume  |b nc  |2 rdacarrier 
490 1 |a Macmillan career book 
650 0 |a Medicine  |x Vocational guidance. 
650 2 |a Medicine. 
830 0 |a Macmillan career book. 
999 |a MARS 
999 f f |s c59dd8ee-cead-386c-afdc-a8d2a1020873  |i 6304c69d-b7bf-3f54-a2dc-5d8ca5e9f023  |t 0 
952 f f |p ric  |a Texas A&M University  |b Rellis Campus  |c Joint Library Facility  |d Remote Storage  |t 0  |e R690 .A8  |h Library of Congress classification  |i unmediated -- volume  |m A14805056647 
998 f f |a R690 .A8  |t 0  |l Remote Storage